1460 1616 1689 1126 1666 1242 1866 1486 1558 1851 1343 1241 1161 1232 1101 1869 1864 1162 1657 1605 1874 1638 1445 1125 1125 1770 1740 1382 1944 1835 1402 1606 1188 1817 1056 1167 1269 1669 1929 1717 1770 1522 1497 1410 1518 1486 1948 1185 1859 1981 1425 1846 1953 1409 1307 1934 1613 1586 1360 1551 1241 1799 1128 1325 1987 1903 1453 1105 1261 1286 1641 1646 1676 1364 1229 1915 1953 1660 1697 1067 1290 1094 1718 1149 1715 1548 1656 1610 1426 1367 1890 1125 1995 1923 1770 1374 1961 1804 1668 BCNSPRNW ULIB Ver.6.0+V

เปลี่ยนเป็นภาษาไทย

Change to English
 แสดงรายละเอียดบรรณานุกรม
  กลับหน้าหลัก

Brief Record : Get Marc (ISO 2709) : E-mail record : QR code < ปิดหน้าต่าง
LEADER : 00000nam 2200000uu 4500
001    13399126522
003     ULIB
008    181005s2018||||th 000 0 tha d
020    ^a9780323400671
060    ^aWP145^bD536C
100    ^aPhilip J. DiSaia & William T. Creasman & Robert S Mannell & Scott McMeekin & David G Mutch
245    ^aClinical Gynecologic Oncology
250    ^a9th ed
260    ^aPhiladelphia :^bElsevier,^c2018
300    ^a631 pages;^b30 cm
650    ^aGential Neoplasms,Female
945    ^p0^l0^i26718
999    ^aกัณชพร จุลอักษร
รายการนี้ยังไม่มีแท็ก
คุณยังไม่ได้ล็อกอิน คุณสามารถมีกิจกรรมร่วมกับเว็บไซต์ได้ แต่ต้องล็อกอินก่อน ::
  ล็อกอิน

รายการสื่อสารสนเทศ

ลำดับที่ ประเภท เลขเรียก/บาร์โค้ด สถานที่ สถานะ
1. วิทยาศาสตร์การแพทย์ และสุขภาพ
วิทยาศาสตร์การแพทย์ และสุขภาพ
WP145 D536C ฉ.1 
  Barcode: 26718
ห้องสมุดวิทยาเขตนครสวรรค์
►หนังสือทั่วไป:l:General Books
บนชั้น

รายการใกล้เคียง
    ชื่อเรื่อง [Clinical Gynecologic Oncology]

    ผู้แต่ง [Philip J. DiSaia & William T. Creasman & Robert S Mannell & Scott McMeekin & David G Mutch]

    หัวเรื่อง [Gential Neoplasms,Female]

BibComment


ยังไม่เคยถูกคอมเมนท์

คอมเมนท์ทรัพยากรรายการนี้
  คอมเมนท์: Clinical Gynecol..


 Copyright 2026. Bcnsprnw @Library